Groupes de choses - Le chiffre 12 - Statistiques

Statistiques générales
  • Ce quiz a été pris 2 249 fois
    1 241 depuis la dernière actualisation
  • Le résultat moyen est 56 sur 144
Statistiques - réponses
Indice Réponses % Correct
MOIS DE L'ANNEE Janvier
92%
MOIS DE L'ANNEE Mars
92%
MOIS DE L'ANNEE Août
91%
MOIS DE L'ANNEE Avril
91%
MOIS DE L'ANNEE Décembre
91%
MOIS DE L'ANNEE Février
91%
MOIS DE L'ANNEE Juillet
91%
MOIS DE L'ANNEE Juin
91%
MOIS DE L'ANNEE Mai
91%
MOIS DE L'ANNEE Novembre
91%
MOIS DE L'ANNEE Octobre
91%
MOIS DE L'ANNEE Septembre
91%
CANDIDATS aux PRESIDENTIELLES de 2022 Le Pen
89%
CANDIDATS aux PRESIDENTIELLES de 2022 Macron
89%
ZODIAQUE OCCIDENTAL Lion
84%
DIEUX DE L'OLYMPE SUR LE PARTHENON Zeus
82%
ZODIAQUE OCCIDENTAL Cancer
79%
ZODIAQUE OCCIDENTAL Capricorne
78%
ZODIAQUE OCCIDENTAL Taureau
78%
ZODIAQUE OCCIDENTAL Bélier
75%
ZODIAQUE OCCIDENTAL Gémeaux
74%
CANDIDATS aux PRESIDENTIELLES de 2022 Mélenchon
74%
ZODIAQUE OCCIDENTAL Sagittaire
74%
ZODIAQUE OCCIDENTAL Vierge
74%
ZODIAQUE OCCIDENTAL Balance
73%
ZODIAQUE CHINOIS Dragon
73%
ZODIAQUE OCCIDENTAL Scorpion
72%
ZODIAQUE OCCIDENTAL Verseau
71%
DIEUX DE L'OLYMPE SUR LE PARTHENON Athéna
70%
ZODIAQUE OCCIDENTAL Poissons
67%
REGIONS CONTINENTALES (Hors Corse donc) Bretagne
66%
REGIONS CONTINENTALES (Hors Corse donc) Auvergne-Rhône-Alpes
65%
ZODIAQUE CHINOIS Chien
64%
ZODIAQUE CHINOIS Rat
64%
REGIONS CONTINENTALES (Hors Corse donc) Île-de-France
63%
REGIONS CONTINENTALES (Hors Corse donc) Provence-Alpes-Côte d'Azur
61%
REGIONS CONTINENTALES (Hors Corse donc) Nouvelle-Aquitaine
60%
REGIONS CONTINENTALES (Hors Corse donc) Pays de la Loire
60%
ZODIAQUE CHINOIS Cochon
59%
REGIONS CONTINENTALES (Hors Corse donc) Hauts-de-France
59%
REGIONS CONTINENTALES (Hors Corse donc) Normandie
59%
CANDIDATS aux PRESIDENTIELLES de 2022 Zemmour
59%
REGIONS CONTINENTALES (Hors Corse donc) Grand Est
58%
DEPARTEMENTS DE LA REGION AUVERGNE-RHONE-ALPES Rhône
57%
DIEUX DE L'OLYMPE SUR LE PARTHENON Héra
56%
REGIONS CONTINENTALES (Hors Corse donc) Occitanie
56%
CANDIDATS aux PRESIDENTIELLES de 2022 Poutou
54%
ZODIAQUE CHINOIS Serpent
54%
DIEUX DE L'OLYMPE SUR LE PARTHENON Apollon
53%
DIEUX DE L'OLYMPE SUR LE PARTHENON Artémis
53%
DIEUX DE L'OLYMPE SUR LE PARTHENON Aphrodite
51%
DIEUX DE L'OLYMPE SUR LE PARTHENON Arès
51%
CANDIDATS aux PRESIDENTIELLES de 2022 Pécresse
51%
REGIONS CONTINENTALES (Hors Corse donc) Centre-Val de Loire
50%
DEPARTEMENTS DE LA REGION AUVERGNE-RHONE-ALPES Loire
48%
DIEUX DE L'OLYMPE SUR LE PARTHENON Hermès
47%
REGIONS CONTINENTALES (Hors Corse donc) Bourgogne-Franche-Comté
46%
DEPARTEMENTS DE NOUVELLE-AQUITAINE Gironde
46%
ZODIAQUE CHINOIS Singe
46%
ZODIAQUE CHINOIS Cheval
45%
DEPARTEMENTS DE LA REGION AUVERGNE-RHONE-ALPES Haute-Savoie
45%
DEPARTEMENTS DE LA REGION AUVERGNE-RHONE-ALPES Savoie
45%
CANDIDATS aux PRESIDENTIELLES de 2022 Hidalgo
43%
DEPARTEMENTS DE LA REGION AUVERGNE-RHONE-ALPES Ain
42%
DEPARTEMENTS DE LA REGION AUVERGNE-RHONE-ALPES Isère
42%
ZODIAQUE CHINOIS Chèvre
41%
ZODIAQUE CHINOIS Tigre
40%
DEPARTEMENTS DE NOUVELLE-AQUITAINE Landes
39%
ZODIAQUE CHINOIS Lapin
39%
CANDIDATS aux PRESIDENTIELLES de 2022 Lassalle
39%
DEPARTEMENTS DE NOUVELLE-AQUITAINE Charente
38%
DIEUX DE L'OLYMPE SUR LE PARTHENON Héphaïstos
38%
DEPARTEMENTS DE NOUVELLE-AQUITAINE Charente-Maritime
37%
ZODIAQUE CHINOIS Coq
37%
DEPARTEMENTS DE LA REGION AUVERGNE-RHONE-ALPES Ardèche
36%
DEPARTEMENTS DE LA REGION AUVERGNE-RHONE-ALPES Cantal
36%
DEPARTEMENTS DE LA REGION AUVERGNE-RHONE-ALPES Drôme
36%
DEPARTEMENTS DE LA REGION AUVERGNE-RHONE-ALPES Puy-de-Dôme
36%
DEPARTEMENTS DE LA REGION AUVERGNE-RHONE-ALPES Allier
35%
DEPARTEMENTS DE NOUVELLE-AQUITAINE Dordogne
35%
DEPARTEMENTS DE LA REGION AUVERGNE-RHONE-ALPES Haute-Loire
35%
DEPARTEMENTS DE NOUVELLE-AQUITAINE Pyrénées-Atlantique
35%
DIEUX DE L'OLYMPE SUR LE PARTHENON Dionysos
34%
ZODIAQUE CHINOIS Buffle | Boeuf
32%
DEPARTEMENTS DE NOUVELLE-AQUITAINE Corrèze
32%
DEPARTEMENTS DE NOUVELLE-AQUITAINE Creuse
32%
DEPARTEMENTS DE NOUVELLE-AQUITAINE Vienne
32%
DIEUX DE L'OLYMPE SUR LE PARTHENON Déméter
29%
DEPARTEMENTS DE NOUVELLE-AQUITAINE Haute-Vienne
29%
DEPARTEMENTS DE NOUVELLE-AQUITAINE Lot-et-Garonne
29%
CANDIDATS aux PRESIDENTIELLES de 2022 Arthaud
28%
DEPARTEMENTS DE NOUVELLE-AQUITAINE Deux-Sèvres
27%
CANDIDATS aux PRESIDENTIELLES de 2022 Dupont-Aignan
27%
CANDIDATS aux PRESIDENTIELLES de 2022 Jadot
27%
TRAVAUX D'HERCULE (noms des adversaires) Lion de Némée
26%
CANDIDATS aux PRESIDENTIELLES de 2022 Roussel
26%
TRAVAUX D'HERCULE (noms des adversaires) Hydre de Lerne
24%
DIEUX DE L'OLYMPE SUR LE PARTHENON Hestia
22%
TRAVAUX D'HERCULE (noms des adversaires) Cerbère
20%
TRAVAUX D'HERCULE (noms des adversaires) Augias
14%
PROFESSIONS DES 12 HOMMES EN COLERE Banquier
9%
TRAVAUX D'HERCULE (noms des adversaires) Oiseaux du lac Stymphale
9%
TRAVAUX D'HERCULE (noms des adversaires) Sanglier d'Erymanthe
8%
PROFESSIONS DES 12 HOMMES EN COLERE Architecte
6%
TRAVAUX D'HERCULE (noms des adversaires) Biche de Cérynie
6%
PROFESSIONS DES 12 HOMMES EN COLERE Chômeur
6%
TRAVAUX D'HERCULE (noms des adversaires) Taureau de Crète | Taureau de Minos
6%
TRIBUS D'ISRAEL Benjamin
5%
TRIBUS D'ISRAEL Dan
5%
TRAVAUX D'HERCULE (noms des adversaires) Géryon
5%
TRAVAUX D'HERCULE (noms des adversaires) Hippolyte
5%
TRIBUS D'ISRAEL Juda
5%
TRIBUS D'ISRAEL Lévi
5%
PROFESSIONS DES 12 HOMMES EN COLERE Retraité
5%
LES 12 SALOPARDS (nom des acteurs) Bronson
4%
PROFESSIONS DES 12 HOMMES EN COLERE Courtier
4%
TRIBUS D'ISRAEL Gad
4%
PROFESSIONS DES 12 HOMMES EN COLERE Horloger
4%
TRIBUS D'ISRAEL Joseph
4%
LES 12 SALOPARDS (nom des acteurs) Marvin
4%
PROFESSIONS DES 12 HOMMES EN COLERE Publicitaire
4%
TRIBUS D'ISRAEL Ruben
4%
LES 12 SALOPARDS (nom des acteurs) Savalas
4%
TRIBUS D'ISRAEL Asher
3%
LES 12 SALOPARDS (nom des acteurs) Borgnine
3%
LES 12 SALOPARDS (nom des acteurs) Brown
3%
LES 12 SALOPARDS (nom des acteurs) Cassavetes
3%
TRIBUS D'ISRAEL Issacar
3%
LES 12 SALOPARDS (nom des acteurs) Jaeckel
3%
LES 12 SALOPARDS (nom des acteurs) Kennedy
3%
TRAVAUX D'HERCULE (noms des adversaires) Ladon
3%
LES 12 SALOPARDS (nom des acteurs) Lopez
3%
TRIBUS D'ISRAEL Nephtali
3%
PROFESSIONS DES 12 HOMMES EN COLERE Peintre en bâtiment
3%
LES 12 SALOPARDS (nom des acteurs) Ryan
3%
TRIBUS D'ISRAEL Siméon
3%
LES 12 SALOPARDS (nom des acteurs) Sutherland
3%
TRIBUS D'ISRAEL Zabulon
3%
TRAVAUX D'HERCULE (noms des adversaires) Cavales de Diomède
2%
PROFESSIONS DES 12 HOMMES EN COLERE Chef d'entreprise
2%
LES 12 SALOPARDS (nom des acteurs) Meeker
2%
PROFESSIONS DES 12 HOMMES EN COLERE Représentant
2%
PROFESSIONS DES 12 HOMMES EN COLERE Coach sportif
1%
PROFESSIONS DES 12 HOMMES EN COLERE Gérant de garages
1%
Aucun quiz correspondant
Distribution des résultats
% des personnes avec chaque résultat
Percentile par nombre de réponses
Votre historique - résultats
Vous n’avez pas pris ce quiz depuis la dernière actualisation